European Union law : (Record no. 592450)

000 -LEADER
fixed length control field 01927cam a22003498i 4500
001 - CONTROL NUMBER
control field 20801877
005 - DATE AND TIME OF LATEST TRANSACTION
control field 20221120131436.0
008 - FIXED-LENGTH DATA ELEMENTS--GENERAL INFORMATION
fixed length control field 190107s2019 enk b 001 0 eng
010 ## - LIBRARY OF CONGRESS CONTROL NUMBER
LC control number 2018059108
020 ## - INTERNATIONAL STANDARD BOOK NUMBER
International Standard Book Number 9781108463591 (paperback)
040 ## - CATALOGING SOURCE
Original cataloging agency DLC
Language of cataloging eng
Description conventions rda
Transcribing agency DLC
042 ## - AUTHENTICATION CODE
Authentication code pcc
043 ## - GEOGRAPHIC AREA CODE
Geographic area code e------
050 00 - LIBRARY OF CONGRESS CALL NUMBER
Classification number KJE947
Item number .E883 2019
082 00 - DEWEY DECIMAL CLASSIFICATION NUMBER
Classification number 341.2422
Author Mark CHA
100 1# - MAIN ENTRY--PERSONAL NAME
Personal name Chalmers, Damian,
Relator term author.
9 (RLIN) 103208
245 10 - TITLE STATEMENT
Title European Union law :
Remainder of title text and materials /
Statement of responsibility, etc. Damian Chalmers, National University of Singapore; Gareth Davies, Vrije Universiteit, Amsterdam; Giorgio Monti, European University Institute, Florence.
250 ## - EDITION STATEMENT
Edition statement Fourth edition.
263 ## - PROJECTED PUBLICATION DATE
Projected publication date 1905
264 #1 - PRODUCTION, PUBLICATION, DISTRIBUTION, MANUFACTURE, AND COPYRIGHT NOTICE
Place of production, publication, distribution, manufacture New York :
Name of producer, publisher, distributor, manufacturer Cambridge University Press,
Date of production, publication, distribution, manufacture, or copyright notice 2019.
300 ## - PHYSICAL DESCRIPTION
Extent 1022 p. ;
Dimensions 24 cm.
504 ## - BIBLIOGRAPHY, ETC. NOTE
Bibliography, etc. note Includes bibliographical references and index.
505 0# - FORMATTED CONTENTS NOTE
Formatted contents note European integration and the treaty on European union -- The EU institutions -- Union law-making -- The EU judicial order -- The authority of EU law -- Fundamental rights -- Rights and remedies in national courts -- Infringement proceedings -- Judicial review -- Brexit -- EU citizenship -- EU law and non-EU nationals -- Equal opportunities law -- The internal market -- Economic and monetary union -- Free movement of goods -- Free movement of services -- The pursuit of an occupation in another member state -- Trade restrictions and public goods -- EU competition law : function and enforcement -- Antitrust and monopolies -- State aids.
610 20 - SUBJECT ADDED ENTRY--CORPORATE NAME
Corporate name or jurisdiction name as entry element European Union.
9 (RLIN) 103209
650 #0 - SUBJECT ADDED ENTRY--TOPICAL TERM
Topical term or geographic name entry element Law
Geographic subdivision European Union countries.
9 (RLIN) 103210
655 #7 - INDEX TERM--GENRE/FORM
Genre/form data or focus term Textbooks.
Source of term lcgft
700 1# - ADDED ENTRY--PERSONAL NAME
Personal name Davies, Gareth,
Relator term author.
9 (RLIN) 103211
700 1# - ADDED ENTRY--PERSONAL NAME
Personal name Monti, Giorgio,
Relator term author.
9 (RLIN) 103212
906 ## - LOCAL DATA ELEMENT F, LDF (RLIN)
a 7
b cbc
c orignew
d 1
e ecip
f 20
g y-gencatlg
942 ## - ADDED ENTRY ELEMENTS (KOHA)
Source of classification or shelving scheme
Koha item type Book
Holdings
Withdrawn status Lost status Source of classification or shelving scheme Damaged status Not for loan Permanent Location Current Location Shelving location Date acquired Source of acquisition Full call number Barcode Date last seen Price effective from Koha item type
          NUST Law School (NLS) NUST Law School (NLS) Law 11/20/2022 Multi Line Books 341.2422 CHA CL-1394 11/20/2022 11/20/2022 Book
© 2023 Central Library, National University of Sciences and Technology. All Rights Reserved.